000
00326nam a22001457a 4500
020
_a
0907135196
082
_a
330WIN
100
_a
Winfiel R.G.
245
_a
Stage one economics
260
_a
England
_b
Northwick
_c
1985
300
_a
vii,357pg.
_b
ill.:25cm.
500
_a
Includes Index
650
_a
Economics
942
_c
BK
999
_c
15839
_d
15839